• 首页
  • 本馆介绍
  • 公告通知
  • 最新文献
  • 馆藏检索
  • 电子资源
  • 读者导购
  • 参考咨询
  • 我的图书馆
  • 登录
  • 详细信息显示
  • 放入我的书架
  • 预约/预借图书
  • 作者相关作品
  • 分类相关作品
  • 丛书相关作品
  • 出版社相关作品

书目信息

  • 表格格式
  • 工作单格式
  • 卡片格式
题名:
教育政治学
    
 
作者: 成有信
分册:  
出版信息: 江苏   江苏教育  1993
页数: 317页
开本: 19cm
丛书名: 当代教育新理论
单 册:
中图分类: G40-053
科图分类:
主题词: 教育学
电子资源:
ISBN: 7-5343-1877-7
000 00563nam0 2200205 450
001 1553585467
005 20150127145332.73
010    @a7-5343-1877-7@dCNY7.05
100    @a20070818d km y0chiy0120 ea
101 0  @achi
200 1  @a教育政治学@Ajiao yu zheng zhi xue@f成有信等@Fcheng you xin deng
210    @a江苏@c江苏教育@d1993
215    @a317页@d19cm
225 2  @a当代教育新理论
410  0 @12001 @a当代教育新理论
606 0  @a教育学
690    @aG40-053@v3
701  0 @a成有信@Acheng you xin
801  0 @aCN@bTSSF@c20150127
905    @aZUCC@dG40-053@eJY1
    
    教育政治学/成有信等.-江苏:江苏教育,1993
    317页;19cm.-(当代教育新理论)
    
    
    ISBN 7-5343-1877-7:CNY7.05
    
●
相关链接 在E读中查询图书 在五车中查询图书 在当当中查询图书 在豆瓣中查询图书


正题名:教育政治学     索取号:G40-053/JY1         预约/预借

序号 登录号 条形码 馆藏地/架位号 状态 备注
1 7859490   278594905   学院路分馆/ [索取号:G40-053/JY1] 在馆    
唐山师范学院图书馆 欢迎您!
大连网信软件有限公司© 版权所有